Дети Арбата: роман

Manylion Llyfryddiaeth
Prif Awdur: Рыбаков А. Н. Анатолий Наумович
Crynodeb:Исключено из фонда НТБ ТПУ
Iaith:Latfieg
Cyhoeddwyd: Рига, Лиесма, 1988
Fformat: Llyfr
KOHA link:https://koha.lib.tpu.ru/cgi-bin/koha/opac-detail.pl?biblionumber=81886

MARC

LEADER 00000nam0a2200000 4500
001 81886
005 20231101213209.0
010 |a 5410005317 
020 |a RU  |b 88-72755 
035 |a (RuTPU)RU\TPU\book\88015 
090 |a 81886 
100 |a 20050924d1988 m y0rusy5003 ca 
101 0 |a lav 
102 |a lv 
105 |a y z 000ay 
200 1 |a Дети Арбата  |e роман  |f А. Н. Рыбаков 
210 |a Рига  |c Лиесма  |d 1988 
215 |a 624 с. 
333 |a Исключено из фонда НТБ ТПУ 
700 1 |a Рыбаков  |b А. Н.  |c русский писатель, романтист  |f 1911-1998  |g Анатолий Наумович  |9 1619 
801 0 |a RU  |b RuMRKP  |c 19950417  |g psbo 
801 1 |a RU  |b 63413507  |c 20050924  |g PSBO 
801 2 |a RU  |b 63413507  |c 20220602  |g PSBO 
942 |c BK